Obce okresu Rychnov nad Kněžnou - Statistics

General Stats
  • This quiz has been taken 20 times
  • The average score is 30 of 80
Answer Stats
Počet obyvatel Odpověď % Correct
6 557 Dobruška
100%
6 178 Kostelec nad Orlicí
100%
3 140 Opočno
100%
2 164 Rokytnice v Orlických horách
100%
11 442 Rychnov nad Kněžnou
100%
2 352 Solnice
100%
6 187 Týniště nad Orlicí
100%
4 676 Vamberk
100%
1 725 Častolovice
82%
1 770 Doudleby nad Orlicí
82%
2 105 Borohrádek
64%
567 Deštné v Orlických horách
64%
1 597 Kvasiny
64%
991 Potštejn
64%
229 Bartošovice v Orlických horách
45%
208 Orlické Záhoří
45%
107 Říčky v Orlických horách
45%
1 161 Skuhrov nad Bělou
45%
301 Val
45%
147 Vrbice
45%
656 Záměl
45%
785 Bílý Újezd
36%
827 Černíkovice
36%
2 037 České Meziříčí
36%
211 Chleny
36%
99 Jahodov
36%
1 109 Javornice
36%
396 Olešnice v Orlických horách
36%
170 Svídnice
36%
169 Zdobnice
36%
1 025 Albrechtice nad Orlicí
27%
385 Bačetín
27%
203 Bohdašín
27%
619 Bolehošť
27%
208 Byzhradec
27%
1 085 Čermná nad Orlicí
27%
596 Čestice
27%
372 Hřibiny-Ledská
27%
117 Janov
27%
245 Kounov
27%
342 Lhoty u Potštejna
27%
677 Liberk
27%
665 Lično
27%
599 Lípa nad Orlicí
27%
640 Lukavice
27%
268 Lupenice
27%
515 Ohnišov
27%
490 Pěčín
27%
150 Polom
27%
638 Přepychy
27%
50 Proruby
27%
412 Rybná nad Zdobnicí
27%
210 Sedloňov
27%
857 Slatina nad Zdobnicí
27%
471 Synkov-Slemeno
27%
314 Třebešov
27%
335 Tutleky
27%
724 Voděrady
27%
263 Zdelov
27%
388 Borovnice
18%
284 Bystré
18%
79 Chlístov
18%
131 Dobřany
18%
861 Dobré
18%
183 Kostelecké Horky
18%
266 Králova Lhota
18%
108 Krchleby
18%
177 Libel
18%
177 Mokré
18%
243 Nová Ves
18%
235 Očelice
18%
483 Olešnice
18%
296 Osečnice
18%
597 Podbřezí
18%
665 Pohoří
18%
300 Rohenice
18%
136 Sněžné
18%
761 Trnov
18%
545 Žďár nad Orlicí
18%
431 Semechnice
9%
No matching quizzes found
Score Distribution
Percent of People with Each Score
Percentile by Number Answered
Your Score History
You have not taken this quiz